Leadership Theory, Application & Skill Development
Salvato in:
| Autore principale: | |
|---|---|
| Altri autori: | |
| Natura: | Libro |
| Lingua: | inglese |
| Pubblicazione: |
Boston
Cengage Learning
2018
|
| Edizione: | 6th Edition |
| Soggetti: | |
| Tags: |
Nessun Tag, puoi essere il primo ad aggiungerne!!
|
MARC
| LEADER | 00000nam a2200000 4500 | ||
|---|---|---|---|
| 001 | 0256198 | ||
| 005 | 20240221114139.2 | ||
| 020 | |a 978-1-285-86635-2 | ||
| 041 | 0 | |a eng | |
| 044 | |a US | ||
| 245 | 1 | 0 | |a Leadership |b Theory, Application & Skill Development |c Robert N. Lussier, Christopher F. Achua |
| 250 | |a 6th Edition | ||
| 264 | 1 | |a Boston |b Cengage Learning |c 2018 | |
| 300 | |a 496 s. | ||
| 610 | 2 | 0 | |a vodcovstvo |
| 610 | 2 | 0 | |a lídri |
| 610 | 2 | 0 | |a kríza |
| 610 | 2 | 0 | |a tímy pracovné |
| 610 | 2 | 0 | |a teória vedenia |
| 610 | 2 | 0 | |a zručnosti |
| 610 | 2 | 0 | |a komunikácia |
| 610 | 2 | 0 | |a koučovanie |
| 610 | 2 | 0 | |a motivácia |
| 610 | 2 | 0 | |a správanie |
| 610 | 2 | 0 | |a kultúra |
| 610 | 2 | 0 | |a etika |
| 610 | 2 | 0 | |a konflikty |
| 610 | 2 | 0 | |a riadenie zmien |
| 610 | 2 | 0 | |a učiaca sa organizácia |
| 100 | 1 | |a Lussier, Robert N. | |
| 700 | 1 | |a Achua, Christopher F. | |